| 000 | 00723nam a2200229 i 4500 | ||
|---|---|---|---|
| 003 | DO-SdBNP | ||
| 005 | 20240527105046.0 | ||
| 007 | ta | ||
| 008 | 240527e1948 dr r 001 0 spa d | ||
| 040 |
_aDO-SdBNP _bspa _cBNPHU _erda |
||
| 082 | 4 |
_222 _bH811s |
|
| 245 | 0 | 0 |
_aHora Santa con oraciones en común : _brosario, diálogos y cánticos. / |
| 264 | 1 |
_aSantiago, República Dominicano : _bMisoneros del Sagrado Corazón, _c1948 |
|
| 300 |
_a77 páginas _c16 cm. |
||
| 336 |
_2rdacontent _atexto _btxt |
||
| 337 |
_2rdamedia _asin mediación _bn |
||
| 338 |
_2rdacarrier _avolumen _bnc |
||
| 590 | _aInventariado 2024 / YL | ||
| 650 | 4 |
_9573 _aLiteratura Religiosa _xOraciones |
|
| 910 | _aYLockward | ||
| 942 |
_2ddc _cLBS1 |
||
| 999 |
_c56755 _d56755 |
||